| 000 | 01523cam a2200325 i 4500 | ||
|---|---|---|---|
| 003 | SA-RiAUC | ||
| 005 | 20250213100244.0 | ||
| 008 | 250208s1994 su g 001k0dara c | ||
| 040 |
_aSA-JeALM _bara _cSA-RiAUC _erda |
||
| 043 | _aa-su--- | ||
| 082 | 0 | 4 |
_a953.124 _qSA-RiAUC |
| 090 |
_a953.124 _bس ا ل |
||
| 100 | 1 |
_aالسالمي، حماد بن حامد بن محسن، _d1374 هجري- _eمؤلف. |
|
| 245 | 1 | 0 |
_aالطائف في شذرات الغزاوي : _bدراسة وتحقيق / _cحماد بن حامد بن محسن السالمي. |
| 250 | _aالطبعة الثالثة. | ||
| 264 | 1 |
_aالطائف، السعودية : _bاللجنة العليا للتنشيط السياحي. _c1994 |
|
| 300 |
_a198 صفحة ؛ _c24 سم |
||
| 336 |
_aنص _btxt _2rdacontent _3كتاب |
||
| 337 |
_aبدون وسيط _bn _2rdamedia |
||
| 338 |
_aمجلد _bnc _2rdacarrier |
||
| 505 | 0 | _aيشتمل على كشافات. | |
| 600 | 1 | 7 |
_aالغزاوي، أحمد بن إبراهيم، _d1318-1401 هجري _xنقد وتفسير _2aucnm |
| 650 | 7 |
_aالأدب العربي _zالسعودية _xتاريخ ونقد _yقرن 14 هجري _2aucsh |
|
| 651 | 7 |
_aالطائف (السعودية) _xفي الأدب العربي _2aucsh |
|
| 651 | 7 |
_aالطائف (السعودية) _2aucsh |
|
| 653 | _aالتاريخ | ||
| 700 | 1 | 2 |
_iشرح لـ (عمل) : _aالغزاوي، أحمد بن إبراهيم، _d1318-1401 هجري. _tشذرات الذهب |
| 942 |
_2ddc _cBOOK _n0 |
||
| 949 |
_aSA-JeALM _d250208 _umohamedma123 _n1 |
||
| 999 |
_c5829 _d5829 |
||